LEADER 00880nam a2200229 i 4500 001 000000075395 003 CaOOAMICUS 005 20070910000000.0 008 070910s1955 it u000 u ita u 013 $a46567 040 $aSeMil$bita 100 1 $aVerga, Giovanni,$d<1840-1922>.$0(OLS)http://semarc/name/3542 245 12$aI Malavoglia /$cdi Giovanni Verga. 260 $a[Milano] :$bArnoldo Mondadori Editore,$c1955. 300 $a296 p. ;$c18 cm. 490 0 $aBiblioteca moderna Mondadori ;$v288 830 0$aBiblioteca moderna Mondadori ;$v288.$0(OLS)http://semarc/title/8674 850 $aSeMil 852 $aSeMil$W1$xVenegono$y1$m1B II 352$j239945$B41547$CSeMilBibl$Z2$F41551 $81 961 $aOmaggio: Donazione 996 $6245$aI Malavoglia$9(OLS)http://semarc/title/122261 996 $6260$a[Milano] :$bArnoldo Mondadori Editore$9(OLS)http://semarc/publisher/29634 LEADER 01523nam a2200301 i 4500 001 000000035195 003 CaOOAMICUS 005 20060831000000.0 008 060831s1989 it u000 u ita u 013 $a3120 020 $a88-399-1575-3 040 $aSeMil$bita 100 1 $aBonora, Antonio,$d<1939-1993>.$0(OLS)http://semarc/name/12 245 10$aNahum, Sofonia, Abacuc, Lamentazioni :$bdolore, protesta e speranza /$cAntonio Bonora. 260 $aBrescia :$bQueriniana,$c1989. 300 $a134 p. ;$c21 cm. 490 0 $aLeggere oggi la Bibbia ;$v1.25 650 4$aBibbia. Antico Testamento. Abacuc.$0(OLS)http://semarc/subject/6287 650 4$aBibbia. Antico Testamento. Lamentazioni - Commentari, studi, critica, interpretazioni.$0(OLS)http://semarc/subject/13557 650 4$aBibbia. Antico Testamento. Nahum - Commentari, studi, critica, interpretazioni.$0(OLS)http://semarc/subject/23208 650 4$aBibbia. Antico Testamento. Sofonia - Commentari, studi, critica, interpretazioni.$0(OLS)http://semarc/subject/13581 830 0$aLeggere oggi la Bibbia ;$v1.25.$0(OLS)http://semarc/title/15 850 $aSeMil 852 $aSeMil$W1$xVenegono$y1$m2W VII 45$j1350$B1350$CSeMilBibl$Z2$F1350 $81 961 $aOmaggio: Scuola Cattolica 996 $6020$a88-399-1575-3$9(OLS)http://semarc/number/3284 996 $6245$aNahum, Sofonia, Abacuc, Lamentazioni :$bdolore, protesta e speranza$9(OLS)http://semarc/title/48017 996 $6260$aBrescia :$bQueriniana$9(OLS)http://semarc/publisher/29615